000 00451nam a22001457a 4500
020 _a0 245 53472 5
082 _a336.260 941 SMI
100 _aSmith Graham
245 _aSomething to declare:1000 years of customs and excise
260 _aLondon
_bRedwood Burn Ltd,
_c1980
300 _aix,230pg
_bill.;25cm
500 _aIncludes Bibliography, List of duties & Index
650 _aSomething to declare:1000 years of customs and excise
942 _cBK
999 _c16368
_d16368